Normal view
MARC view
- العالم-تاريخ- القرن العشرون-القرآن
Entry Topical Term
001 - CONTROL NUMBER
- control field: 49603
003 - CONTROL NUMBER IDENTIFIER
- control field: JO-AjAnu
005 - DATE AND TIME OF LATEST TRANSACTION
- control field: 20230606082155.0
008 - FIXED-LENGTH DATA ELEMENTS
- fixed length control field: 230606|| aca||aabn | a|a d
040 ## - CATALOGING SOURCE
- Original cataloging agency: JO-AjAnu
- Transcribing agency: JO-AjAnu
150 ## - HEADING--TOPICAL TERM
- Topical term or geographic name entry element: العالم-تاريخ- القرن العشرون-القرآن
670 ## - SOURCE DATA FOUND
- Source citation: Work cat.: (JO-AjAnu)25364: الموسى،نهاد تحرير.....وآخرون؛ جدعان، فهمي المشرف العام؛ المصري، عبد الرحمن تدقيق لغوي, author 49602, حصاد القرآن المنجزات العلمية والإنسانية في القرن العشرين الأدب والنقد +الفنون